Statistiques concernant Intercommunalités du Vaucluse

Cliquez ici pour prendre le quiz!

Statistiques générales

  • Ce quiz a été pris 14 fois
  • Le résultat moyen est 6 sur 13

Statistiques - réponses

Nombres de CommunesIntercommunalités% Correct
25Communauté d'agglomération Ventoux-Comtat Venaissin
100%
16 (dont 07 dans le Gard)Grand Avignon
92%
25 (dont 01 dans les Alpes-de-Haute-Provence)Communauté de communes Pays d'Apt-Luberon
83%
05Communauté de communes Pays d'Orange en Provence
67%
16Communauté d'agglomération Luberon Monts de Vaucluse
58%
05Communauté de communes Pays des Sorgues Monts de Vaucluse
58%
05Communauté de communes Rhône Lez Provence
58%
19 (dont 01 dans la Drôme)Communauté de communes Vaison Ventoux
50%
19 (dont 15 dans la Drôme)Communauté de communes Enclave des Papes-Pays de Grignan
25%
11 (dont 01 dans la Drôme)Communauté de communes Ventoux Sud
25%
05Communauté d'Agglomération Les Sorgues du Comtat
17%
08Communauté de communes Aygues Ouvèze en Provence
8%
16Communauté territoriale du Sud Luberon
0%

Distribution des résultats

Percentile par nombre de réponses

% des personnes avec chaque résultat

Votre développement - résultats

Vous n’avez pas pris ce quiz